000 01765nam0a2200373 4500
001 RU\NLR\BIBL_A\011575259
005 20250626094124.0
010 _a978-5-9524-5271-8
_92000
021 _aRU
_b2017-94270
_96762
035 _a(RuMoRGB)009478243
035 _a(NLR Aleph) 011575259
090 _a10819286
_c10819286
100 _a20171227d2017 |||y0rusy50 ca
101 1 _arus
_cger
102 _aRU
105 _aac||z|||000za
200 1 _aОт солдата до генерала
_eвоспоминания офицера-связиста об управлении войсками в военных кампаниях Третьего рейха, 1939-1945
_fАльберт Праун
_g[пер. с нем. В. С. Мухина]
210 _aМосква
_cЦентрполиграф
_d2017 (макет 2018)
215 _a470, [1] с., [4] л. ил., портр.
_cил.
_d21
225 1 _aЗа линией фронта
_iМемуары
300 _aЗагл. и авт. также на нем. яз.: Soldat in der Telegraphen und Nachrichtentruppe / Albert Praun
517 1 _6z11790
_aSoldat in der Telegraphen und Nachrichtentruppe
_zger
600 1 _aПраун
_bА.
_f1994-1975
_gАльберт
_92355609
_3RU\NLR\AUTH\6601629695
601 0 1 _aГермания
_bВооруженные силы
_xИстория
_z1939 - 1945
_92605411
_3RU\NLR\AUTH\661541969
686 _aЦ35(0)62-57-5,2(4Г),013
_2rubbk
686 1 _aЦ35(0)62-4,2
686 1 _aТ3(4Г)63-55
700 1 _aПраун
_bА.
_f1994-1975
_gАльберт
790 1 _6z11517
_aPraun
_bA.
_f1994-1975
_gAlbert
942 _cBOOK
980 _aNBR
980 _aNB